Kỷ yếu hội nghị khoa học nông nghiệp CAAB năm 2012 phát triển nông nghiệp bền vững : Chuyên đề: Công nghệ sau thu hoạch, công nghệ thực phẩm và quản lý chuỗi giá trị
Sách tập hợp những công trình nghiên cứu về công nghệ sau thu hoạch, công nghệ thực phẩm và quản lý chuỗi giá trị.
Wedi'i Gadw mewn:
| Awduron Corfforaethol: | , |
|---|---|
| Fformat: | Llyfr |
| Iaith: | Undetermined |
| Cyhoeddwyd: |
Thành phố Hồ Chí Minh
Nông nghiệp
2012
|
| Pynciau: | |
| Tagiau: |
Ychwanegu Tag
Dim Tagiau, Byddwch y cyntaf i dagio'r cofnod hwn!
|
| Thư viện lưu trữ: | Trung tâm Học liệu Trường Đại học Cần Thơ |
|---|
| LEADER | 01196nam a2200217Ia 4500 | ||
|---|---|---|---|
| 001 | CTU_192379 | ||
| 008 | 210402s9999 xx 000 0 und d | ||
| 082 | |a 664.028 | ||
| 082 | |b Tr561 | ||
| 110 | |a Trường Đại học Cần Thơ | ||
| 110 | |b Khoa Nông nghiệp và Sinh học ứng dụng | ||
| 245 | 0 | |a Kỷ yếu hội nghị khoa học nông nghiệp CAAB năm 2012 phát triển nông nghiệp bền vững : | |
| 245 | 0 | |b Chuyên đề: Công nghệ sau thu hoạch, công nghệ thực phẩm và quản lý chuỗi giá trị | |
| 245 | 0 | |c Trường Đại học Cần Thơ. Khoa Nông nghiệp và Sinh học ứng dụng | |
| 260 | |a Thành phố Hồ Chí Minh | ||
| 260 | |b Nông nghiệp | ||
| 260 | |c 2012 | ||
| 520 | |a Sách tập hợp những công trình nghiên cứu về công nghệ sau thu hoạch, công nghệ thực phẩm và quản lý chuỗi giá trị. | ||
| 650 | |a Post-harvest technology,Food technology,Công nghệ sau thu hoạch,Công nghệ thực phẩm | ||
| 904 | |i Trúc | ||
| 980 | |a Trung tâm Học liệu Trường Đại học Cần Thơ | ||